[Event "Melbourne Australasian GM"]
[Site "Melbourne"]
[Date "2019.12.21"]
[Round "8"]
[White "Ikeda, Junta"]
[Black "Cheng, Bobby Sky"]
[Result "1-0"]
[WhiteElo "2439"]
[BlackElo "2529"]
[PlyCount "85"]
[EventDate "2019.12.14"]
[EventType "tourn"]
[EventRounds "9"]
[EventCountry "AUS"]
[EventCategory "6"]
[SourceTitle "CBM 193 Extra"]
[Source "ChessBase"]
[SourceDate "2020.01.31"]
[SourceVersion "1"]
[SourceVersionDate "2020.01.31"]
[SourceQuality "1"]

1. Nf3 d5 2. e3 Nf6 3. c4 e6 4. b3 c5 5. Bb2 Nc6 6. cxd5 exd5 7. Bb5 Bd6 8. 0-0 0-0 9. d4 cxd4 10. Nxd4 Bc7 11. Nf3 Bg4 12. Be2 Re8 13. Nc3 a6 14. Rc1 Qd6 15. g3 h5 16. Re1 Rad8 17. a3 Bb6 18. Na4 Ba7 19. b4 d4 20. Bxd4 Nxd4 21. Nxd4 Bxd4 22. exd4 Rxe2 23. Rxe2 Ne4 24. Nc3 Ng5 25. Qd3 Qf6 26. f4 Nf3+ 27. Kf2 g6 28. h3 Nxd4 29. hxg4 Nxe2 30. Qxe2 hxg4 31. Rd1 Rxd1 32. Nxd1 Qd4+ 33. Ne3 b5 34. Qc2 Kg7 35. Ke2 Qa1 36. Nd1 Qxa3 37. Qc3+ Qxc3 38. Nxc3 Kf6 39. Nd5+ Kf5 40. Kd3 g5 41. Ne3+ Ke6 42. fxg5 Ke5 43. Nxg4+ 1-0

[Event "Melbourne Australasian GM"]
[Site "Melbourne"]
[Date "2019.12.16"]
[Round "3"]
[White "Urkedal, Frode Olav Olsen"]
[Black "Ikeda, Junta"]
[Result "1-0"]
[WhiteElo "2545"]
[BlackElo "2439"]
[PlyCount "81"]
[EventDate "2019.12.14"]
[EventType "tourn"]
[EventRounds "9"]
[EventCountry "AUS"]
[EventCategory "6"]
[SourceTitle "CBM 193 Extra"]
[Source "ChessBase"]
[SourceDate "2020.01.31"]
[SourceVersion "1"]
[SourceVersionDate "2020.01.31"]
[SourceQuality "1"]

1. d4 g6 2. e4 Bg7 3. Nc3 d6 4. f4 Nf6 5. Nf3 0-0 6. a3 a6 7. Bd3 b5 8. e5 Nfd7 9. Be4 Ra7 10. h4 c5 11. h5 Nb6 12. hxg6 hxg6 13. dxc5 dxc5 14. Qxd8 Rxd8 15. Be3 Rc7 16. Nd2 Be6 17. 0-0-0 Rdc8 18. Nf3 N8d7 19. Ng5 Bg4 20. e6 Bxe6 21. Nxe6 fxe6 22. Bxg6 Nc4 23. Rd3 Nxb2 24. Kxb2 b4 25. Bd2 Nf8 26. Be4 Rd7 27. Rhh3 Rxd3 28. Rxd3 bxc3+ 29. Bxc3 Bxc3+ 30. Kxc3 Rc7 31. Rd8 Kf7 32. Ra8 e5 33. fxe5 Nd7 34. Rxa6 Nxe5 35. Bd5+ Kg7 36. a4 Rd7 37. Be6 Rd4 38. a5 Ng6 39. Rc6 Nf4 40. Bc4 e5 41. Rxc5 1-0

[Event "Sydney NSW op"]
[Site "Sydney"]
[Date "2019.06.10"]
[Round "6"]
[White "Ikeda, Junta"]
[Black "Bjelobrk, Igor"]
[Result "1-0"]
[WhiteElo "2424"]
[BlackElo "2397"]
[PlyCount "145"]
[EventDate "2019.06.08"]
[EventType "swiss"]
[EventRounds "7"]
[EventCountry "AUS"]
[SourceTitle "CBM 190 Extra"]
[Source "ChessBase"]
[SourceDate "2019.07.15"]
[SourceVersion "1"]
[SourceVersionDate "2019.07.15"]
[SourceQuality "1"]

1. e4 e5 2. Nf3 Nc6 3. Bc4 Bc5 4. c3 d6 5. d4 exd4 6. cxd4 Bb6 7. Bb5 Bd7 8. Nc3 Nge7 9. 0-0 0-0 10. h3 Ng6 11. Bg5 Nce7 12. Bc4 h6 13. Be3 c6 14. Qb3 Qc8 15. Rfe1 Kh8 16. d5 Bxe3 17. Rxe3 c5 18. Bb5 a6 19. Bxd7 Qxd7 20. a4 Rab8 21. a5 Qc7 22. Qc4 b5 23. axb6 Rxb6 24. Rxa6 Rfb8 25. Nd1 Nc8 26. Rxb6 Nxb6 27. Qc2 Nd7 28. Nd4 Nde5 29. Nf5 Ne7 30. Ng3 Qb6 31. f4 N5g6 32. Nh5 Qb4 33. Kh2 Qd4 34. Rg3 f5 35. Nc3 Rf8 36. exf5 Rxf5 37. Rd3 Qb4 38. g4 Rxh5 39. gxh5 Qxf4+ 40. Rg3 Nf5 41. Ne2 Qf2+ 42. Rg2 Qxg2+ 43. Kxg2 Ne3+ 44. Kf3 Nxc2 45. hxg6 Kg8 46. Nf4 Nd4+ 47. Ke4 Nb3 48. Kd3 Na5 49. Kc3 Kf8 50. Ne6+ Ke7 51. Nxg7 Kf6 52. Ne8+ Kxg6 53. Nxd6 Kf6 54. Nc4 Nb7 55. Kd3 Kf5 56. Ke3 Nd8 57. Kd3 Nf7 58. Ne3+ Kf4 59. Nc4 Kf5 60. Ke3 Ng5 61. h4 Nf7 62. Kd3 h5 63. Ke3 Ne5 64. Nd6+ Kg4 65. Ke4 Nd7 66. Nf5 Nf6+ 67. Ke5 Nd7+ 68. Ke6 Nf8+ 69. Kf6 Nd7+ 70. Ke7 Nb6 71. Ke6 Nxd5 72. Kxd5 Kxf5 73. Kxc5 1-0

[Event "Sydney NSW op"]
[Site "Sydney"]
[Date "2019.06.09"]
[Round "3"]
[White "Bierkens, Pieter"]
[Black "Ikeda, Junta"]
[Result "0-1"]
[WhiteElo "2077"]
[BlackElo "2424"]
[PlyCount "72"]
[EventDate "2019.06.08"]
[EventType "swiss"]
[EventRounds "7"]
[EventCountry "AUS"]
[SourceTitle "CBM 190 Extra"]
[Source "ChessBase"]
[SourceDate "2019.07.15"]
[SourceVersion "1"]
[SourceVersionDate "2019.07.15"]
[SourceQuality "1"]

1. e4 c5 2. Nc3 e6 3. g3 Nc6 4. Bg2 Nf6 5. d3 Be7 6. f4 d6 7. Nf3 Rb8 8. 0-0 0-0 9. Kh1 b5 10. Be3 b4 11. Ne2 a5 12. h3 a4 13. g4 b3 14. axb3 axb3 15. c3 d5 16. e5 Nd7 17. Ng3 f6 18. exf6 Nxf6 19. d4 c4 20. Ne5 Nxe5 21. fxe5 Nd7 22. Qd2 Rxf1+ 23. Rxf1 Nb6 24. Nh5 Bf8 25. Bg5 Qe8 26. Qf4 Rb7 27. Bf6 Na4 28. Qg5 h6 29. Qh4 Nxb2 30. g5 Nd3 31. Nxg7 hxg5 32. Qxg5 Bxg7 33. Rg1 b2 34. Bxd5 b1Q 35. Bxb7 Bxb7+ 36. Kh2 Qb2+ 0-1

[Event "Sydney op"]
[Site "Sydney"]
[Date "2019.04.27"]
[Round "8"]
[White "Ikeda, Junta"]
[Black "Kunte, Abhijit"]
[Result "1/2-1/2"]
[WhiteElo "2441"]
[BlackElo "2485"]
[PlyCount "141"]
[EventDate "2019.04.24"]
[EventType "swiss"]
[EventRounds "9"]
[EventCountry "AUS"]
[SourceTitle "CBM 190 Extra"]
[Source "ChessBase"]
[SourceDate "2019.07.15"]
[SourceVersion "1"]
[SourceVersionDate "2019.07.15"]
[SourceQuality "1"]

1. d4 Nf6 2. c4 e6 3. Nf3 Bb4+ 4. Bd2 a5 5. Nc3 b6 6. Bg5 Bb7 7. e3 a4 8. a3 Bxc3+ 9. bxc3 Ra5 10. Bh4 d6 11. Bd3 Nbd7 12. 0-0 Qa8 13. Ne1 g5 14. Bg3 h5 15. f3 h4 16. Bf2 g4 17. e4 gxf3 18. gxf3 Rg5+ 19. Kh1 Ke7 20. Rg1 Qg8 21. Rxg5 Qxg5 22. Qc1 Qh5 23. Qe3 Qa5 24. Rc1 Rh5 25. Ng2 h3 26. Nf4 Rh8 27. Qd2 Nf8 28. Rg1 Ke8 29. Rg3 Bc8 30. Rxh3 Rxh3 31. Nxh3 Qh5 32. Ng1 e5 33. Bc2 Bd7 34. Qd1 Ne6 35. Bxa4 Bxa4 36. Qxa4+ Ke7 37. Qc2 Nh7 38. Be3 Nhf8 39. Qg2 Ng6 40. Qh3 Qh4 41. Qxh4+ Nxh4 42. Bf2 Ng6 43. Ne2 c5 44. Kg2 Ngf4+ 45. Nxf4 Nxf4+ 46. Kf1 Nd3 47. Be3 Nb2 48. d5 Nxc4 49. Bc1 b5 50. h4 f5 51. Bg5+ Kf7 52. exf5 Nxa3 53. Ke2 Nc4 54. h5 Nb6 55. h6 Nxd5 56. Be7 Nxe7 57. h7 Ng6 58. fxg6+ Kg7 59. Ke3 d5 60. f4 d4+ 61. cxd4 cxd4+ 62. Ke4 exf4 63. Kxf4 b4 64. Ke5 b3 65. Ke6 b2 66. h8Q+ Kxh8 67. Kf7 b1Q 68. g7+ Kh7 69. g8Q+ Kh6 70. Qg7+ Kh5 71. Qxd4 1/2-1/2

[Event "Sydney op"]
[Site "Sydney"]
[Date "2019.04.26"]
[Round "5"]
[White "Gong, Daniel Hanwen"]
[Black "Ikeda, Junta"]
[Result "1/2-1/2"]
[WhiteElo "2246"]
[BlackElo "2441"]
[PlyCount "138"]
[EventDate "2019.04.24"]
[EventType "swiss"]
[EventRounds "9"]
[EventCountry "AUS"]
[SourceTitle "CBM 190 Extra"]
[Source "ChessBase"]
[SourceDate "2019.07.15"]
[SourceVersion "1"]
[SourceVersionDate "2019.07.15"]
[SourceQuality "1"]

1. d4 Nf6 2. Bf4 e6 3. e3 d5 4. Nf3 Bd6 5. Bg3 0-0 6. Nbd2 c5 7. c3 Qc7 8. Ne5 b6 9. Bd3 Ba6 10. Bxa6 Nxa6 11. Qe2 Nb8 12. 0-0 Nc6 13. Nxc6 Bxg3 14. hxg3 Qxc6 15. Rfe1 Rfe8 16. dxc5 bxc5 17. e4 c4 18. Qf3 Nd7 19. e5 Qc7 20. Qe3 Rec8 21. Nf3 Nc5 22. Nd4 Rab8 23. Re2 Rb7 24. f4 Rcb8 25. Rb1 Rb6 26. g4 f6 27. exf6 gxf6 28. g5 fxg5 29. f5 e5 30. Qxe5 Qxe5 31. Rxe5 Rxb2 32. Rxb2 Rxb2 33. Rxd5 Ne4 34. Rd7 g4 35. Kh2 h5 36. Re7 Nxc3 37. f6 Rf2 38. Rg7+ Kh8 39. Rxa7 Rxf6 40. Rc7 Ne4 41. Rxc4 g3+ 42. Kg1 Nd2 43. Rc1 h4 44. Nb3 Ne4 45. Rc4 Re6 46. Kf1 Kg7 47. Rd4 Rf6+ 48. Kg1 Nc3 49. Rd2 Kg6 50. Nc1 Kg5 51. Ne2 Re6 52. Kf1 Ne4 53. Rd4 Rf6+ 54. Ke1 Re6 55. Kf1 Kf5 56. Rd5+ Kg4 57. Rd4 Kf5 58. Rd5+ Kg4 59. Rd4 h3 60. gxh3+ Kxh3 61. Kg1 Rb6 62. Nf4+ Kg4 63. Rxe4 Kf3 64. Re3+ Kxf4 65. Rb3 Rc6 66. Rb8 Rc1+ 67. Kg2 Rc2+ 68. Kg1 Rxa2 69. Rf8+ Kg4 1/2-1/2